Score 0/75 Timer 05:00
0 Plays Today
% Correct
a
92.8%
a
92.8%
a
92.8%
the
86.1%
The
86.1%
the
86.1%
to
83.5%
To
83.5%
to
83.5%
an
81.3%
and
79.2%
and
79.2%
And
79.2%
and
79.2%
And
79.2%
and
79.2%
is
76%
is
76%
no
70.7%
of
68.5%
of
68.5%
in
66.8%
it
64.8%
this
63.6%
To-morrow,
61%
To-morrow,
61%
To-morrow,
61%
but
58.6%
from
57.4%
That
57.3%
Out,
56.6%
out
56.6%
day
55.1%
day,
55.1%
by
54.8%
death.
54.5%
then
53.4%
his
53.3%
% Correct
nothing.
53.2%
time;
53%
stage,
52%
candle!
51.1%
Signifying
51%
all
50.5%
Creeps
50.4%
more:
50.2%
petty
49.8%
pace
49.7%
sound
49.6%
fury,
49.6%
brief
49.6%
idiot,
49.6%
player,
49.4%
upon
49.4%
Told
48.3%
our
48.2%
struts
48.1%
tale
48%
full
47.9%
hour
47.4%
poor
46.8%
frets
46.8%
Life's
45.9%
heard
44.9%
shadow,
44.8%
have
44.8%
last
44.3%
recorded
42.4%
way
42%
walking
41.9%
dusty
41.3%
syllable
41%
yesterdays
39.9%
fools
37.9%
lighted
36%
Remove Ads.
Support Sporcle.
Get the best of Sporcle when you Go Orange. This ad-free experience offers more features, more stats, and more fun while also helping to support Sporcle. Thank you for becoming a member.

You're not logged in!

Compare scores with friends on all Sporcle quizzes.
OR
Log In

Show Comments

Extras

Top Quizzes Today


Score Distribution

Your Account Isn't Verified!

In order to create a playlist on Sporcle, you need to verify the email address you used during registration. Go to your Sporcle Settings to finish the process.

Report this User

Report this user for behavior that violates our Community Guidelines.

Details: